000 00812cam a2200205 a 4500
001 4502929
005 20240326031856.0
008 970529s1997 ii 001 0 eng
020 _a812590297X
040 _aDLC
_cDLC
_dDLC
082 _222
_a324.954
_bGOV
245 0 0 _aGovernance and electoral process in Bangladesh :
_breport of the Non-Governmental Election Observers from South Asia (SAARC), Parliamentary elections, June 12th 1996, Bangladesh /
_cedited by Jeevan Thiagarajah.
260 _aNew Delhi :
_bInternational Centre for Ethnic Studies in association with Vikas Pub. House :
_bDistributors, UBS Publishers' Distributors,
_c1997.
300 _axi, 219 p. ;
500 _aIncludes index.
650 0 _aElection monitoring
650 0 _aElections
700 1 _aThiagarajah, Jeevan.
_eedt
942 _cL
999 _c613
_d613